| 000 | 00463nam a22001577a 4500 | ||
|---|---|---|---|
| 003 | 0 | ||
| 005 | 20220725154153.0 | ||
| 008 | 220725b xxu||||| |||| 00| 0 eng d | ||
| 020 | _a978-621-04-2417 | ||
| 050 |
_aHD4922 _b.Z37 2021 |
||
| 245 |
_aCompensation administration _cCynthia A. Zarate |
||
| 260 |
_aManila _bRex book store Inc., _cC2021 |
||
| 300 |
_aviii, 153pp. _c25cm. _eIncludes references and index. |
||
| 500 | _aWages--Philippines. | ||
| 942 |
_2lcc _cBK |
||
| 999 |
_c364749 _d364749 |
||